| 000 | 01045nam a22003017a 4500 | ||
|---|---|---|---|
| 001 | BR9207972 | ||
| 003 | BR-BrBNA | ||
| 005 | 20230928093654.0 | ||
| 007 | ta | ||
| 008 | 230509b bl.||||| |||| 00| 0 por d | ||
| 040 |
_aBR-BrBNA _bpor _cBiblioteca Nacional de Agricultura |
||
| 041 | _a(Por) | ||
| 072 |
_aF30 _b0150 |
||
| 090 | _ 0150 BR9207972 | ||
| 100 | 1 | _aIshiy, T. | |
| 110 | 1 |
_aUniversidade Estadual Paulista Julio de Mesquita Filho, Botucatu, SP (Brasil). Faculdade de Ciencias Agronomicas _0Tese (Doutor em Agronomia) _910680 |
|
| 245 | 1 | _aDesenvolvimento de genotipos mutantes de arroz (Oryza sativa L.)atraves de irradiacao gama | |
| 246 | 1 | _aDevelopment of mutant genotypes of rice (Oryza sativa L.)through gamma irradiation | |
| 260 | 3 |
_aBotucatu, SP (Brasil): _c1991. |
|
| 300 | _a75 p. | ||
| 500 | _a10 tables; Bibliography p. 52-67 (113 ref.); Summaries (Eng, Por) | ||
| 650 | _aARROZ | ||
| 650 | _aGENOTIPO | ||
| 650 | _aMUTACAO | ||
| 650 | _aRAIO GAMA | ||
| 909 |
_a202309 _bLucia _c55 _dLucia Elande |
||
| 942 | _cBK | ||
| 999 |
_c46390 _d46390 |
||